01281 2200649 4500001002100000005001500021035002000036245003600056100001000092250001000102300002600112260003300138082001100171084001700182020002200199990001000221990001000231990001000241990001000251990001000261990001000271990001000281990001000291990001000301990001000311990001000321990001000331990001000341990001000351990001000361990001000371990001000381990001000391990001000401990001000411990001000421990001000431990001000441990001000451990001000461990001000471990001000481990001000491990001000501990001000511990001000521990001000531990001000541990001000551990001000561990001000571990001000581990001000591990001000601990001000611990001000621INLIS00000000002421520260413102852 a0010-04260000011 aSeni Budaya Untuk SD/MI Kelas 30 aLutfi aCet 1 a166 hlm ;c17 x 25 cm aJakarta :bKarya Jaya,c2024 a700.71 a700.71 LUT s a978-623-8184-43-9 a67481 a67482 a67483 a67484 a67485 a67486 a67487 a67488 a67489 a67490 a67491 a67492 a67493 a67494 a67495 a67496 a67497 a67498 a67499 a67500 a67501 a67502 a67503 a67504 a67505 a67506 a67507 a67508 a67509 a67510 a67511 a67512 a67513 a67514 a67515 a67516 a67517 a67518 a67519 a67520 a67521